000 00692nam a22002417a 4500
003 MX-MxINE
005 20260530113919.0
008 260518t1973 enka|||| |||| 00| 0 eng d
040 _aMX-MxINE
_bspa
_cMX-MxINE
_erda
041 _aeng
050 _aNK2715
_bH33 1973
100 _eautor
245 _aHabitat 1973 :
_bannual catalogue 20p
264 _aLondon :
_bHabitat,
_c1973
300 _a128 páginas :
_bilustraciones
336 _2rdacontent
_atexto
337 _2rdamedia
_asin medio
338 _2rdacarrier
_avolumen
610 1 _aHabitat (Empresa)
_vCatálogos
_934416
650 4 _aMuebles
_vCatálogos
_99329
650 4 _aDiseño de mobiliario
_934417
942 _2lcc
_cBK
_n1
999 _c12388
_d12388